| 000 | 00428nam a2200169 a 4500 | ||
|---|---|---|---|
| 001 | 0000-9184 | ||
| 003 | ELIB.Books | ||
| 008 | 110520 1981 | ||
| 035 | _a(ELIB.Books)0000-9336 | ||
| 082 |
_a248.86 _bAll |
||
| 100 | _aAllbritton, Bert | ||
| 245 | _aVictory Over Depression | ||
| 260 |
_bSpringdale: Whitaker House _c1981 |
||
| 650 | _aChristian Life | ||
| 942 |
_2ddc _cBK |
||
| 998 |
_cbat _e2011-05-20 |
||
| 999 |
_c9184 _d9184 |
||